| 000 | 00378nam a2200133Ia 4500 | ||
|---|---|---|---|
| 008 | 220204s9999 xx 000 0 und d | ||
| 082 |
_a575(06) _bPOL |
||
| 100 | _aBAILEY, Thedore B | ||
| 245 | 0 | _aProceedings of the International conference on quantitative genetics | |
| 260 |
_aAmes _bIowa _c1977 |
||
| 650 | _aQuantitative genetics | ||
| 700 | _aPOLLAK, Edward | ||
| 942 | _cBK | ||
| 999 |
_c29888 _d29888 |
||